000 00346 a2200157 4500
001 59770
020 _a9783473580125
040 _cAnchieta - Pituba
100 _aKordon, Klaus
240 1 0 _aDie einbahnstrabe
_lpor
245 1 0 _aDie einbahnstrabe
300 _a115
362 0 _a1979
650 4 _aLiteratura juvenil em alemão
942 _cBK
999 _c59770
_d59770